| 000 | 00563cam0a220021700 4500 | ||
|---|---|---|---|
| 001 | zam00002211 | ||
| 008 | 951128s1977 xx eng u | ||
| 035 | _a(Sirsi) r19590 | ||
| 035 | _a(MACHINE)SLC. | ||
| 100 |
_aLoomis, L. _6A80518.1 |
||
| 245 | 1 | 0 | _aCalculus. |
| 260 | _c1977. | ||
| 949 |
_aQA303 _wlcc _mMAIN _tBOOK _lON-SHELF |
||
| 004 | 19590 | ||
| 591 | _aClass code: M 110. | ||
| 591 | _aCourse: Introductory Mathematics. | ||
| 591 | _aSchool: S09. | ||
| 591 | _aLecturer: Mr. NJOVU, C. | ||
| 591 | _aNumber of Students: 641. | ||
| 909 | _aBook | ||
| 999 |
_c168349 _d168349 |
||